Contemplación de España (1957-1960) / (Record no. 93551)

MARC details
000 -LEADER
campo de control de longitud fija 00503nam a2200169 i 4500
001 - NÚMERO DE CONTROL
campo de control 93551
003 - IDENTIFICADOR DE NÚMERO DE CONTROL
campo de control ES-MaACL
005 - FECHA Y HORA DE LA ÚLTIMA TRANSACCIÓN
campo de control 20231227201228.0
007 - CAMPO FIJO DE DESCRIPCIÓN FÍSICA--INFORMACIÓN GENERAL
campo de control de longitud fija t|
008 - DATOS DE LONGITUD FIJA--INFORMACIÓN GENERAL
campo de control de longitud fija 050413s1961 sp ||||1| spa d
100 1# - ENTRADA PRINCIPAL--NOMBRE DE PERSONA
Nombre de persona López Anglada, Luis,
Fechas asociadas al nombre 1919-2007
9 (RLIN) 73405
245 10 - MENCIÓN DEL TÍTULO
Título Contemplación de España (1957-1960) /
Mención de responsabilidad, etc. Luis López Anglada.
260 ## - PUBLICACIÓN, DISTRIBUCIÓN, ETC.
Lugar de publicación, distribución, etc. Madrid :
Nombre del editor, distribuidor, etc. [s.n.],
Fecha de publicación, distribución, etc. 1961 (
Fabricante Gráf. Osca)
300 ## - DESCRIPCIÓN FÍSICA
Extensión 117 p. ;
Dimensiones 19 cm.
852 ## - LOCALIZACIÓN
Ubicación ES-MaACL
Número de control de estantería C-20595
Sublocalización o colección R.49037
Holdings
Estatus retirado Estado de pérdida Estado de daño No para préstamo Biblioteca de origen Biblioteca actual Ubicación en estantería Fecha de adquisición Fuente de adquisición Total de préstamos Signatura topográfica completa Código de barras Visto por última vez Precio de reemplazo Tipo de ítem Koha
        Biblioteca del Ateneo de Madrid Biblioteca del Ateneo de Madrid Galería 17/01/2008     C-20595 1097693 23/02/2023 23/02/2023 Libro impreso